000 00665nam a2200193Ii 4500
003 JO-AjNU
008 230605s9999||||xx |||||||||||||| ||und||
040 _aJO-AjNU
_bara
_erda
_cJO-AjNU
041 _aara
050 1 4 _aBP173.754.H3964
100 3 _aهيكل، عبد العزيز فهمي,
_eauthor
_934952
245 0 0 _aمدخل الى الإقتصاد الإسلامي
264 3 1 _aبيروت: دار النهضة العربية للطباعة و النشر، د.ت
300 _a223ص
336 _atext
_btxt
_2rdacontent
337 _aunmediated
_bn
_2rdamedia
338 _avolume
_bnc
_2rdacarrier
650 4 _aالاقتصاد الاسلامي
_934953
999 _aA14382
_c17950
_d17950